[Event "4NCL Division Four"]
[Site "Warwick, ENG"]
[Date "2024.03.09"]
[Round "7.42"]
[White "Adams, Mark"]
[Black "Sefton, Adam"]
[Result "1-0"]
[WhiteElo "2004"]
[BlackElo "1854"]
[PlyCount "77"]
[EventDate "2024.03.09"]
[WhiteTeam "The Full Ponty"]
[BlackTeam "Guildford Young Guns"]

1. e4 c5 2. Nf3 d6 3. d4 cxd4 4. Nxd4 Nf6 5. f3 e5 6. Nb3 Be6 7. c4 Nbd7 8. Be3 Rc8 9. Na3 a6 10. Be2 h5 11. O-O Be7 12. Qd2 O-O 13. Rac1 h4 14. Rfd1 Re8 15. Qe1 Nh5 16. Bf1 Qc7 17. Nb1 Qb8 18. N3d2 Nf8 19. Nc3 g5 20. Nd5 Bd8 21. Qf2 Ng6 22. Ba7 Qa8 23. Bb6 Bxd5 24. Bxd8 Rexd8 25. cxd5 Kg7 26. Nc4 Qb8 27. Qb6 Ne7 28. Rc3 Rc5 29. Rb3 Rd7 30. Nxe5 Rd8 31. Nc4 Rb5 32. Rxb5 axb5 33. Qd4+ f6 34. Ne3 Ng6 35. Nf5+ Kf7 36. Rc1 Ne5 37. Qb6 h3 38. Rc7+ Kf8 39. Rh7 1-0

[Event "4NCL Division Four"]
[Site "Warwick, ENG"]
[Date "2024.03.09"]
[Round "7.43"]
[White "Welling, Zac"]
[Black "Perrett, David C"]
[Result "1/2-1/2"]
[WhiteElo "1867"]
[BlackElo "2012"]
[PlyCount "98"]
[EventDate "2024.03.09"]
[WhiteTeam "Guildford Young Guns"]
[BlackTeam "The Full Ponty"]

1. e4 Nf6 2. e5 Nd5 3. d4 d6 4. Nf3 g6 5. Bc4 Nb6 6. Bb3 d5 7. O-O h6 8. c3 Be6
9. a4 a5 10. Na3 Qd7 11. Bc2 Nc6 12. Nb5 Bg7 13. Ne1 O-O-O 14. Nd3 Bf5 15. Nc5
Bxc2 16. Nxd7 Bxd1 17. Nxb6+ cxb6 18. Rxd1 Kb8 19. Bf4 e6 20. Rd3 Rd7 21. Re1
Na7 22. Rf3 Nxb5 23. axb5 Rc8 24. Rh3 Rh8 25. Ra1 Rc7 26. Ra4 h5 27. Bg5 Rhc8
28. Rf3 Rh8 29. h4 Rhc8 30. g3 Rd7 31. Kg2 Rc4 32. Rxc4 dxc4 33. Kf1 Kc8 34.
Ke2 Bf8 35. Kd2 Be7 36. Kc2 Bxg5 37. hxg5 Kd8 38. b3 cxb3+ 39. Kxb3 Ke7 40. Rf4
Rd8 41. Rh4 Rc8 42. Rh1 Kd7 43. c4 Ke7 44. Rh4 Kd7 45. Rf4 Ke7 46. Rf3 Ke8 47.
Rd3 Ke7 48. Rd1 Rc7 49. Kc3 Rc8 1/2-1/2

[Event "4NCL Division Four"]
[Site "Warwick, ENG"]
[Date "2024.03.09"]
[Round "7.44"]
[White "Fletcher, John"]
[Black "Twisk, Sebastian"]
[Result "1-0"]
[WhiteElo "2003"]
[BlackElo "1902"]
[PlyCount "82"]
[EventDate "2024.03.09"]
[WhiteTeam "The Full Ponty"]
[BlackTeam "Guildford Young Guns"]

1. d4 d5 2. Nc3 Nf6 3. Bf4 c5 4. e3 a6 5. Nf3 Nc6 6. Ne5 cxd4 7. Nxc6 bxc6 8. Qxd4 Bf5 9. Bd3 Bxd3 10. cxd3 e6 11. Qa4 Qb6 12. O-O Nd7 13. b4 e5 14. Bg3 Bd6 15. d4 f6 16. e4 Qb7 17. exd5 cxd5 18. Qb3 Nb6 19. Rfe1 Nc4 20. dxe5 fxe5 21. Rad1 Qxb4 22. Nxd5 Qb5 23. Qf3 Ra7 24. Ne3 Bb4 25. Nxc4 Qxc4 26. Bxe5 Bxe1 27. Rxe1 Re7 28. Qa8+ Kf7 29. Qxh8 Rxe5 30. Rf1 Qc2 31. Qb8 Re8 32. Qb7+ Kf8 33. Qxa6 Re2 34. Qd6+ Kf7 35. Qd5+ Kf8 36. Qd6+ Kf7 37. Qd5+ Kf8 38. a3 Qa2 39. Qd6+ Kf7 40. Rc1 Rxf2 41. Rc7+ Kg8 1-0

[Event "4NCL Division Four"]
[Site "Warwick, ENG"]
[Date "2024.03.09"]
[Round "7.45"]
[White "Butcher, Nathaniel"]
[Black "Hughes, Anthony"]
[Result "1/2-1/2"]
[WhiteElo "1498"]
[BlackElo "1883"]
[PlyCount "73"]
[EventDate "2024.03.09"]
[WhiteTeam "Guildford Young Guns"]
[BlackTeam "The Full Ponty"]

1. c4 e6 2. e4 d5 3. cxd5 exd5 4. exd5 Nf6 5. Bb5+ Nbd7 6. Nc3 a6 7. Ba4 Be7 8. Nf3 O-O 9. O-O Nb6 10. Bc2 Bg4 11. d4 Nbxd5 12. Bg5 Re8 13. a3 Bh5 14. h3 Qd7 15. Qd3 Bg6 16. Qd2 Bxc2 17. Qxc2 Bd6 18. Qd2 c6 19. Bxf6 Bf4 20. Qc2 Nxf6 21. Rfe1 Rxe1+ 22. Rxe1 Re8 23. Rxe8+ Qxe8 24. g3 Bd6 25. b4 Qe6 26. Kg2 h6 27. Kh2 g6 28. Na4 Qe4 29. Qxe4 Nxe4 30. Kg2 Kf8 31. Nc5 Bxc5 32. dxc5 a5 33. Ne5 axb4 34. axb4 Nc3 35. Kf3 Nd5 36. Nd3 Ke7 37. Ke4 1/2-1/2

[Event "4NCL Division Four"]
[Site "Warwick, ENG"]
[Date "2024.03.09"]
[Round "7.46"]
[White "Dixon, Chris"]
[Black "Jennis, Alistair"]
[Result "1/2-1/2"]
[WhiteElo "1794"]
[BlackElo "1486"]
[PlyCount "58"]
[EventDate "2024.03.09"]
[WhiteTeam "The Full Ponty"]
[BlackTeam "Guildford Young Guns"]

1. Nf3 d5 2. d4 Nf6 3. e3 e6 4. Bd3 Nbd7 5. O-O Be7 6. Nbd2 O-O 7. Re1 b6 8. e4 dxe4 9. Nxe4 Bb7 10. a3 Nxe4 11. Bxe4 Bxe4 12. Rxe4 Nf6 13. Re1 c5 14. c3 cxd4 15. cxd4 Nd5 16. Bd2 Bf6 17. Rc1 Qd7 18. Qb3 h6 19. Ne5 Bxe5 20. dxe5 Rac8 21. Qg3 Kh7 22. Qd3+ Kh8 23. Qh3 Rxc1 24. Rxc1 Kh7 25. Qd3+ Kg8 26. Qc4 Ne7 27. Qe2 Nf5 28. h3 Rd8 29. Bc3 Qd5 1/2-1/2

[Event "4NCL Division Four"]
[Site "Warwick, ENG"]
[Date "2024.03.09"]
[Round "7.51"]
[White "Hertog, Alexander"]
[Black "Lawson, Maurice E"]
[Result "1-0"]
[WhiteElo "1877"]
[BlackElo "2002"]
[PlyCount "103"]
[EventDate "2024.03.09"]
[WhiteTeam "Oxford 3"]
[BlackTeam "CSC/Kingston 3"]

1. d4 d5 2. c4 e6 3. Nf3 Nf6 4. g3 Be7 5. Bg2 O-O 6. O-O Nbd7 7. Nbd2 b6 8. b3
Bb7 9. Bb2 Rc8 10. Ne5 c5 11. cxd5 Nxe5 12. d6 Nc6 13. dxe7 Qxe7 14. dxc5 Qxc5
15. Rc1 Qe7 16. Nc4 Rfd8 17. Qe1 b5 18. Na5 Nxa5 19. Qxa5 Bxg2 20. Kxg2 Qb7+
21. Kg1 Nd5 22. Rfd1 h6 23. e4 Nb6 24. Rxd8+ Rxd8 25. Qxb5 Qxe4 26. Qe5 Qxe5
27. Bxe5 Rc8 28. Rxc8+ Nxc8 29. Bd4 Kf8 30. Kf1 g6 31. Bc5+ Ke8 32. Ke2 Kd7 33.
Kd3 Kc6 34. Kc4 e5 35. b4 a6 36. a4 f5 37. b5+ axb5+ 38. axb5+ Kc7 39. Kd5 e4
40. Ke5 Nb6 41. Bxb6+ Kxb6 42. Kf6 Kxb5 43. Kxg6 Kc4 44. Kxf5 Kd4 45. h4 h5 46.
g4 hxg4 47. Kxg4 Ke5 48. Kg5 Ke6 49. Kg6 Ke5 50. h5 Kf4 51. h6 Kf3 52. Kf5 1-0

[Event "4NCL Division Four"]
[Site "Warwick, ENG"]
[Date "2024.03.09"]
[Round "7.52"]
[White "Sparkes, Daniel A"]
[Black "Jackson, Gary C"]
[Result "1-0"]
[WhiteElo "1967"]
[BlackElo "1911"]
[PlyCount "73"]
[EventDate "2024.03.09"]
[WhiteTeam "CSC/Kingston 3"]
[BlackTeam "Oxford 3"]

1. e4 c5 2. Nc3 d6 3. f4 Nc6 4. Nf3 g6 5. Bb5 Bg7 6. Bxc6+ bxc6 7. d3 Nf6 8.
O-O a5 9. Qe1 e6 10. e5 Nd5 11. Ne4 dxe5 12. fxe5 O-O 13. Nxc5 Nb4 14. Qf2 h6
15. a3 Nd5 16. c4 Ne7 17. Bd2 Nf5 18. g4 Ne7 19. Rae1 Rb8 20. Bc3 Kh7 21. Ne4
Ng8 22. g5 h5 23. Nd6 Ne7 24. Qd2 Qb6+ 25. Rf2 a4 26. d4 Ba6 27. Bb4 Qa7 28.
Qc2 Bc8 29. Bc5 Qd7 30. Ne4 Re8 31. Nd6 Rf8 32. Nh4 Nf5 33. Nhxf5 exf5 34. Qxa4
Rd8 35. Qa7 Bb7 36. Re3 Bc8 37. Qxb8 1-0

[Event "4NCL Division Four"]
[Site "Warwick, ENG"]
[Date "2024.03.09"]
[Round "7.53"]
[White "Neatherway, A Philip"]
[Black "Vachtfeidl, Petr"]
[Result "0-1"]
[WhiteElo "1733"]
[BlackElo "1920"]
[PlyCount "44"]
[EventDate "2024.03.09"]
[WhiteTeam "Oxford 3"]
[BlackTeam "CSC/Kingston 3"]

1. e4 c5 2. Nf3 e6 3. c3 Nf6 4. e5 Nd5 5. d4 cxd4 6. cxd4 d6 7. Nc3 Nxc3 8.
bxc3 Qc7 9. Bd2 Nd7 10. exd6 Bxd6 11. Bd3 O-O 12. Qe2 Rb8 13. O-O b6 14. Qe4 g6
15. Qh4 Bb7 16. Ng5 Nf6 17. Rfe1 Bd5 18. Rac1 b5 19. Ne4 Nxe4 20. Bxe4 Be7 21.
Qh6 Qc6 22. h4 Bxe4 0-1

[Event "4NCL Division Four"]
[Site "Warwick, ENG"]
[Date "2024.03.09"]
[Round "7.54"]
[White "Eckert, Jonathan"]
[Black "Bush, Ian"]
[Result "0-1"]
[WhiteElo "1758"]
[BlackElo "1716"]
[PlyCount "60"]
[EventDate "2024.03.09"]
[WhiteTeam "CSC/Kingston 3"]
[BlackTeam "Oxford 3"]

1. e4 d6 2. Nc3 g6 3. f4 Bg7 4. Nf3 c5 5. Bb5+ Bd7 6. Bc4 Nc6 7. d3 e6 8. O-O
Nge7 9. Qe1 Nd4 10. Qf2 b5 11. Bb3 a5 12. a4 b4 13. Ne2 Nxb3 14. cxb3 O-O 15.
g4 f5 16. h3 Rc8 17. Ng3 Bc6 18. gxf5 exf5 19. Be3 Bb7 20. Rac1 Ba6 21. Rfd1
Nc6 22. e5 dxe5 23. Bxc5 Re8 24. fxe5 Nxe5 25. Nxe5 Bxe5 26. Qf3 Qh4 27. Ne2
Qg5+ 28. Kf2 Qd8 29. Rc2 Rxc5 30. Rxc5 Bd4+ 0-1

[Event "4NCL Division Four"]
[Site "Warwick, ENG"]
[Date "2024.03.09"]
[Round "7.55"]
[White "Tringali, Alessandro"]
[Black "Grey, Nicholas D"]
[Result "1-0"]
[WhiteElo "1594"]
[BlackElo "1693"]
[PlyCount "95"]
[EventDate "2024.03.09"]
[WhiteTeam "Oxford 3"]
[BlackTeam "CSC/Kingston 3"]

1. e4 c5 2. Nf3 d6 3. Bb5+ Bd7 4. Bxd7+ Qxd7 5. O-O Nf6 6. Re1 Nc6 7. c3 g6 8.
d4 Bg7 9. e5 dxe5 10. dxe5 Qxd1 11. Rxd1 Ng4 12. e6 fxe6 13. h3 Nge5 14. Ng5
Nd8 15. Be3 b6 16. Nd2 O-O 17. Ndf3 Nc4 18. Rab1 Nd6 19. Nd2 h6 20. Ngf3 Nc6
21. Re1 Rad8 22. Rbd1 Kh7 23. Nf1 e5 24. Bc1 Nf7 25. Ng3 Rxd1 26. Rxd1 Rd8 27.
Rxd8 Ncxd8 28. Ne4 Ne6 29. g3 Nc7 30. Kf1 Ne8 31. Ke2 Ned6 32. Nfd2 Nd8 33. Kd3
Ne6 34. a4 c4+ 35. Nxc4 Nxe4 36. Kxe4 Nc5+ 37. Kd5 e6+ 38. Kc6 Nxa4 39. Nd6 Bf8
40. Ne4 Bc5 41. b4 Nxc3 42. Nxc3 Bxf2 43. Ne4 Bd4 44. b5 Kg7 45. Kb7 g5 46. g4
Kg6 47. Ba3 Kf7 48. Bd6 1-0

[Event "4NCL Division Four"]
[Site "Warwick, ENG"]
[Date "2024.03.09"]
[Round "7.56"]
[White "Cooke, Charlie"]
[Black "Curran, David P"]
[Result "1/2-1/2"]
[WhiteElo "1737"]
[BlackElo "1645"]
[PlyCount "50"]
[EventDate "2024.03.09"]
[WhiteTeam "CSC/Kingston 3"]
[BlackTeam "Oxford 3"]

1. d4 Nf6 2. c4 e6 3. Nc3 c5 4. Nf3 cxd4 5. Nxd4 a6 6. e3 Qc7 7. Be2 Be7 8. O-O
O-O 9. a3 Rd8 10. Bd2 Nc6 11. Nxc6 dxc6 12. Qc2 b5 13. Rac1 Bb7 14. f3 Rd7 15.
b4 Qd8 16. Nb1 c5 17. cxb5 cxb4 18. Bxb4 Bxb4 19. axb4 Nd5 20. bxa6 Bxa6 21.
Bxa6 Nxb4 22. Qe2 Rxa6 23. Rfd1 Rad6 24. Rxd6 Rxd6 25. h3 h6 1/2-1/2

[Event "4NCL Division Four"]
[Site "Warwick, ENG"]
[Date "2024.03.09"]
[Round "7.61"]
[White "Jayawarna, Thisumi"]
[Black "Coates, Kenneth G"]
[Result "0-1"]
[WhiteElo "1591"]
[BlackElo "1915"]
[PlyCount "94"]
[EventDate "2024.03.09"]
[WhiteTeam "She Plays To Win Young Stars A"]
[BlackTeam "Crowthorne B"]

1. e4 e5 2. Nf3 Nc6 3. Bc4 Nf6 4. d3 Bc5 5. O-O d6 6. h3 Na5 7. Bb3 h6 8. c3
Nxb3 9. axb3 Be6 10. d4 exd4 11. cxd4 Bb6 12. d5 Bd7 13. Nc3 O-O 14. Kh2 Re8
15. Qd3 Re7 16. Nd2 Qf8 17. f4 Rae8 18. Re1 g6 19. Nc4 Bc8 20. e5 Bf5 21. Qf3
dxe5 22. fxe5 Nd7 23. Bf4 Bd4 24. d6 Nxe5 25. Nxe5 Rxe5 26. Bxe5 Bxe5+ 27. Rxe5
Qxd6 28. Qxb7 Rxe5 29. Kh1 a5 30. Nb5 Qb6 31. Qxb6 cxb6 32. Nd4 Be4 33. Rf1 Rd5
34. Rd1 f5 35. Kg1 Kf7 36. Kf2 Kf6 37. g3 g5 38. Ke3 Rd6 39. g4 Ke5 40. gxf5
Bxf5 41. Nf3+ Ke6 42. Nd4+ Kf6 43. Rf1 Rd5 44. Rf2 Kg6 45. Rf3 h5 46. Nc6 Rd3+
47. Ke2 Rxf3 0-1

[Event "4NCL Division Four"]
[Site "Warwick, ENG"]
[Date "2024.03.09"]
[Round "7.62"]
[White "Chapman, Timothy J"]
[Black "Jayawarna, Tarini"]
[Result "1/2-1/2"]
[WhiteElo "1742"]
[BlackElo "1545"]
[PlyCount "128"]
[EventDate "2024.03.09"]
[WhiteTeam "Crowthorne B"]
[BlackTeam "She Plays To Win Young Stars A"]

1. d4 Nf6 2. c4 g6 3. Nc3 Bg7 4. e4 d6 5. Nf3 O-O 6. Be2 e5 7. dxe5 dxe5 8.
Qxd8 Rxd8 9. Bg5 c6 10. Nxe5 Re8 11. f4 h6 12. Bxf6 Bxf6 13. O-O-O Kg7 14. Rhe1
Bxe5 15. fxe5 Rxe5 16. Bf3 Nd7 17. Re2 Nf6 18. Rd8 b6 19. Red2 Bb7 20. Rxa8
Bxa8 21. Rd8 Bb7 22. Kd2 Re7 23. Rd4 Nd7 24. g3 Ne5 25. Be2 f6 26. b3 Bc8 27.
Rd6 Bh3 28. Bd3 g5 29. Nd1 h5 30. Ne3 Nf3+ 31. Kc3 Nxh2 32. Rxc6 h4 33. gxh4
gxh4 34. c5 Bd7 35. Nf5+ Bxf5 36. exf5 h3 37. cxb6 axb6 38. Re6 Rc7+ 39. Kb4
Rc1 40. Re3 Nf3 41. Rxf3 h2 42. Rg3+ Kf8 43. Be4 Rg1 44. Rh3 Rg4 45. Rxh2 Rxe4+
46. Kb5 Re5+ 47. Kxb6 Rxf5 48. b4 Re5 49. b5 Re6+ 50. Ka7 Re7+ 51. Ka6 Ke8 52.
Rd2 Re4 53. b6 Ra4+ 54. Kb7 Rb4 55. Ka7 f5 56. Rc2 Kd7 57. Rc5 f4 58. Ra5 Kc6
59. Ra6 f3 60. b7+ Kc7 61. b8=Q+ Rxb8 62. Rf6 Rb2 63. Rf7+ Kd6 64. Rxf3 Rxa2+
1/2-1/2

[Event "4NCL Division Four"]
[Site "Warwick, ENG"]
[Date "2024.03.09"]
[Round "7.63"]
[White "Veselow, Zoe"]
[Black "Leadbetter, Scott"]
[Result "1-0"]
[WhiteElo "1449"]
[BlackElo "1623"]
[PlyCount "75"]
[EventDate "2024.03.09"]
[WhiteTeam "She Plays To Win Young Stars A"]
[BlackTeam "Crowthorne B"]

1. e4 c5 2. Nf3 g6 3. d4 cxd4 4. Nxd4 Nc6 5. Be3 Nf6 6. Nc3 e5 7. Ndb5 d6 8.
Bg5 a6 9. Bxf6 Qxf6 10. Nc7+ Kd8 11. Nxa8 Be6 12. Nb6 Nd4 13. Nbd5 Qh4 14. g3
Qh6 15. Be2 Bg7 16. Qd2 Qh3 17. Qd3 Bh6 18. Bf1 Qh5 19. Bg2 f5 20. Qd1 fxe4 21.
Qxh5 gxh5 22. Bxe4 Bh3 23. Ne2 Bg2 24. Bxg2 Nxc2+ 25. Kf1 Nxa1 26. Be4 h4 27.
Kg2 Nb3 28. axb3 Bg5 29. Rd1 Kd7 30. Nb4 a5 31. Nd3 Ke6 32. f4 exf4 33. Ndxf4+
Ke5 34. Kf3 Be7 35. Rd5+ Kf6 36. Rf5+ Kg7 37. Ne6+ Kh6 38. N2f4 1-0

[Event "4NCL Division Four"]
[Site "Warwick, ENG"]
[Date "2024.03.09"]
[Round "7.64"]
[White "Haslehurst, Harriet"]
[Black "Popovtseva, Polina"]
[Result "1-0"]
[WhiteElo "1530"]
[BlackElo "1493"]
[PlyCount "113"]
[EventDate "2024.03.09"]
[WhiteTeam "Crowthorne B"]
[BlackTeam "She Plays To Win Young Stars A"]

1. d4 d5 2. Nf3 Nf6 3. Bg5 Bf5 4. c4 c6 5. e3 e6 6. Nc3 Nbd7 7. Nh4 h6 8. Nxf5
hxg5 9. Ng3 Bd6 10. c5 Bxg3 11. fxg3 Qc7 12. Qf3 e5 13. Be2 g6 14. O-O O-O-O
15. b4 g4 16. Qf2 a6 17. Na4 Ne4 18. Qxf7 Rdf8 19. Qe6 Re8 20. Qxg6 exd4 21.
Qxg4 Kb8 22. Qf4 dxe3 23. Qxc7+ Kxc7 24. Rf7 Kd8 25. g4 Nf2 26. h3 d4 27. Nb2
Ne5 28. Rf4 d3 29. Rd4+ Kc7 30. Nxd3 Nexd3 31. Bxd3 Rd8 32. Rxd8 Rxd8 33. Be2
Rd4 34. a3 Kd7 35. Re1 Re4 36. Kh2 Ke6 37. g3 Re5 38. h4 Kd5 39. g5 Re7 40. g6
Kd4 41. Kg2 Kc3 42. h5 Rg7 43. Kf3 Kd2 44. Ra1 Nh3 45. Ra2+ Kc3 46. Kxe3 Re7+
47. Kf3 Ng5+ 48. Kg4 Ne6 49. h6 Re8 50. Kh5 Kd4 51. h7 Ke5 52. Bc4 Ng7+ 53. Kg5
Rf8 54. Bf7 Rh8 55. Re2+ Kd4 56. g4 Kd3 57. Re7 1-0

[Event "4NCL Division Four"]
[Site "Warwick, ENG"]
[Date "2024.03.09"]
[Round "7.65"]
[White "Keen, Maya"]
[Black "McKean, Matthew"]
[Result "1-0"]
[WhiteElo "1439"]
[BlackElo "1501"]
[PlyCount "88"]
[EventDate "2024.03.09"]
[WhiteTeam "She Plays To Win Young Stars A"]
[BlackTeam "Crowthorne B"]

1. d4 d5 2. Nf3 Nf6 3. c4 c6 4. Nc3 Bg4 5. Bg5 Bxf3 6. exf3 Nbd7 7. cxd5 cxd5
8. Bxf6 exf6 9. Qb3 Qa5 10. Qxd5 Bb4 11. Qxa5 Bxa5 12. Bb5 Rd8 13. O-O O-O 14.
Rfd1 Nb6 15. a3 Nd5 16. Nxd5 Rxd5 17. Bc4 Rd6 18. d5 Re8 19. b4 Bb6 20. a4 a5
21. Re1 Rxe1+ 22. Rxe1 Kf8 23. Bb5 g6 24. Re8+ Kg7 25. Re7 axb4 26. Bc4 Bc5 27.
Rxb7 Rb6 28. Rxb6 Bxb6 29. Kf1 f5 30. f4 Kf6 31. Ke2 Ke7 32. f3 Kd6 33. Kd3 h5
34. h3 f6 35. Bb3 Ba5 36. Kc4 Bc7 37. Kxb4 g5 38. fxg5 fxg5 39. a5 Bxa5+ 40.
Kxa5 Kc5 41. Ka4 Kd6 42. Kb5 Kc7 43. Kc5 Kd7 44. Ba4+ Kd8 1-0

[Event "4NCL Division Four"]
[Site "Warwick, ENG"]
[Date "2024.03.09"]
[Round "7.66"]
[White "Coates, Christine"]
[Black "Scott, Jane"]
[Result "0-1"]
[WhiteElo "1273"]
[BlackElo "1307"]
[PlyCount "132"]
[EventDate "2024.03.09"]
[WhiteTeam "Crowthorne B"]
[BlackTeam "She Plays To Win Young Stars A"]

1. d4 Nf6 2. Bf4 g6 3. Nf3 Bg7 4. e3 O-O 5. Be2 d6 6. O-O Nbd7 7. Nbd2 b6 8.
Re1 Bb7 9. c3 Re8 10. Qc2 e5 11. dxe5 dxe5 12. Bg3 e4 13. Nd4 Nc5 14. Bb5 Rf8
15. Rad1 Nd3 16. Re2 Rc8 17. Bc6 Bxc6 18. Nxc6 Qd7 19. Nd4 c5 20. N4b3 Qe6 21.
a3 Rfd8 22. Bh4 h6 23. Bxf6 Bxf6 24. Nc1 c4 25. Nf1 Be7 26. Red2 b5 27. Ne2 a6
28. Nc1 f5 29. Ng3 h5 30. f3 h4 31. Nf1 Kg7 32. f4 Qb6 33. Re2 Rd7 34. Rdd2
Rdd8 35. Qd1 Nxf4 36. Rf2 Nd3 37. Nxd3 exd3 38. Kh1 Bc5 39. Qe1 Re8 40. Rf3 Qd8
41. h3 Qf6 42. g3 g5 43. gxh4 gxh4 44. Rg2+ Kf7 45. Qf2 Re5 46. Rf4 Rh8 47. Qf3
Rg8 48. Rf2 Ke6 49. Qc6+ Kf7 50. Rxf5 Rxf5 51. Qd7+ Be7 52. Qxf5 Qxf5 53. Rxf5+
Ke6 54. Rh5 Rg6 55. Rh8 Ke5 56. Rh5+ Ke4 57. Rh7 Bg5 58. Rf7 Rf6 59. Re7+ Kf3
60. Re5 Rg6 61. Nh2+ Ke2 62. Ng4 d2 63. Rd5 d1=Q+ 64. Rxd1 Kxd1 65. e4 Re6 66.
e5 Kc2 0-1

[Event "4NCL Division Four"]
[Site "Warwick, ENG"]
[Date "2024.03.09"]
[Round "7.71"]
[White "MacLeod, Alasdair"]
[Black "Hatton, David"]
[Result "0-1"]
[WhiteElo "1847"]
[BlackElo "1782"]
[PlyCount "106"]
[EventDate "2024.03.09"]
[WhiteTeam "English Deaf Chess Association"]
[BlackTeam "Ashfield 3"]

1. e4 e5 2. Nf3 Nc6 3. Bc4 Bc5 4. b4 Bxb4 5. c3 Ba5 6. d4 exd4 7. Qb3 Qe7 8.
O-O Bb6 9. Ba3 d6 10. e5 Na5 11. Qa4+ Bd7 12. Bb5 Bxb5 13. Qxb5+ Qd7 14. Qxd7+
Kxd7 15. cxd4 Nc4 16. Bb4 dxe5 17. dxe5 Re8 18. Bc3 h6 19. e6+ Rxe6 20. Bxg7
Rh7 21. Bc3 Ne7 22. Rd1+ Kc8 23. Nbd2 Nxd2 24. Rxd2 Nc6 25. Rad1 f6 26. g3 Rh8
27. Kg2 Rd8 28. Nh4 Rxd2 29. Rxd2 Ne7 30. Kf3 c6 31. Kg4 Nd5 32. Bb2 Ba5 33.
Rd1 Re2 34. Bd4 Rxa2 35. Nf5 Ra4 36. f4 b5 37. Nxh6 Bc3 38. Bg1 b4 39. Rb1 Ra1
40. Rxa1 Bxa1 41. Bc5 b3 42. Ba3 b2 43. Bxb2 Bxb2 44. Nf5 Kd7 45. h4 Ke6 46. h5
Ne7 47. Ne3 f5+ 48. Kf3 a5 49. Ke2 Bc3 50. Nc2 c5 51. Kd3 Bb4 52. Kc4 Kf6 53.
Ne3 Kg7 0-1

[Event "4NCL Division Four"]
[Site "Warwick, ENG"]
[Date "2024.03.09"]
[Round "7.72"]
[White "Combie, Alex B"]
[Black "Dwek, Ilan G"]
[Result "1-0"]
[WhiteElo "1787"]
[BlackElo "1706"]
[PlyCount "135"]
[EventDate "2024.03.09"]
[WhiteTeam "Ashfield 3"]
[BlackTeam "English Deaf Chess Association"]

1. d4 Nf6 2. c4 e5 3. dxe5 Ng4 4. Bf4 Bb4+ 5. Nd2 Nc6 6. Ngf3 Qe7 7. e3 Ngxe5
8. Nxe5 Nxe5 9. Be2 O-O 10. O-O Bxd2 11. Qxd2 d6 12. Qc3 Re8 13. Rac1 b6 14. b4
a5 15. a3 Bb7 16. c5 axb4 17. axb4 bxc5 18. bxc5 Ng6 19. Bg3 Ba6 20. cxd6 cxd6
21. Bxa6 Rxa6 22. Rfd1 Rd8 23. Qc7 Qxc7 24. Rxc7 Kf8 25. h4 h6 26. Rb1 Nh8 27.
Rbb7 g5 28. h5 Ra1+ 29. Kh2 Ra6 30. Rd7 Rxd7 31. Rxd7 Ke8 32. Rxd6 Rxd6 33.
Bxd6 f5 34. Be5 Nf7 35. Bg7 Ke7 36. Kg1 f4 37. e4 Ke6 38. f3 Ke7 39. Kf2 Nd8
40. Bxh6 Ne6 41. Bg7 Kf7 42. h6 Kg6 43. Ke2 Nc5 44. Kd2 g4 45. Kc3 gxf3 46.
gxf3 Ne6 47. Kd3 Ng5 48. Ke2 Kh7 49. Kf2 Nh3+ 50. Kg2 Ng5 51. Be5 Ne6 52. Kh3
Kxh6 53. Kg4 Kg6 54. Bxf4 Nf8 55. Bd6 Nd7 56. e5 Nb6 57. f4 Nc4 58. f5+ Kf7 59.
e6+ Kf6 60. Bf4 Ke7 61. Kg5 Nb6 62. Kg6 Nd5 63. Bg5+ Ke8 64. Kg7 Nc7 65. Kf6
Nd5+ 66. Ke5 Nc7 67. f6 Kf8 68. Bh6+ 1-0

[Event "4NCL Division Four"]
[Site "Warwick, ENG"]
[Date "2024.03.09"]
[Round "7.73"]
[White "Ajimal, Jet"]
[Black "Bentley, Alex"]
[Result "0-1"]
[WhiteElo "1684"]
[BlackElo "1775"]
[PlyCount "72"]
[EventDate "2024.03.09"]
[WhiteTeam "English Deaf Chess Association"]
[BlackTeam "Ashfield 3"]

1. e4 c5 2. Nf3 e6 3. d4 cxd4 4. Nxd4 a6 5. Nc3 Qc7 6. Be2 Nf6 7. a3 Nc6 8. Be3
Be7 9. O-O h5 10. Nxc6 bxc6 11. f3 d5 12. exd5 exd5 13. Qd4 Bd6 14. h3 c5 15.
Nxd5 cxd4 16. Nxc7+ Bxc7 17. Bxd4 Bd8 18. Bc5 Be6 19. Rfe1 Be7 20. Bxe7 Kxe7
21. Rad1 Rhd8 22. Bd3 a5 23. Re5 Rd5 24. Rde1 Kd6 25. f4 Nd7 26. R5e3 Nc5 27.
Be4 Nxe4 28. Rxe4 Rc8 29. c3 Rd2 30. R1e2 Rxe2 31. Rxe2 Bb3 32. Kf2 Rc5 33. Ke3
Rd5 34. g4 h4 35. g5 g6 36. Rg2 Bc4 0-1

[Event "4NCL Division Four"]
[Site "Warwick, ENG"]
[Date "2024.03.09"]
[Round "7.74"]
[White "Taylor, Robert P"]
[Black "Paull, James"]
[Result "1-0"]
[WhiteElo "1732"]
[BlackElo "1403"]
[PlyCount "57"]
[EventDate "2024.03.09"]
[WhiteTeam "Ashfield 3"]
[BlackTeam "English Deaf Chess Association"]

1. d4 d5 2. Nf3 e6 3. Nc3 Nf6 4. Bg5 h6 5. Bh4 g5 6. Bg3 a6 7. h3 c5 8. e3 Nc6
9. Be2 cxd4 10. exd4 Bg7 11. Qd2 Ne4 12. Nxe4 dxe4 13. Ne5 Qxd4 14. Nxc6 Qxd2+
15. Kxd2 bxc6 16. c3 f5 17. Bd6 Kf7 18. Bh5+ Kf6 19. Kc2 Bb7 20. Rad1 a5 21.
Bc7 Bc8 22. Rd6 Bb7 23. Rd7 Rhf8 24. Rhd1 Ba6 25. Bd6 Bd3+ 26. Kc1 Rad8 27.
Be7+ Ke5 28. Bxd8 Bf6 29. Bc7# 1-0

[Event "4NCL Division Four"]
[Site "Warwick, ENG"]
[Date "2024.03.09"]
[Round "7.75"]
[White "Simmons, Michael W"]
[Black "Graham, Neil"]
[Result "1/2-1/2"]
[WhiteElo "1064"]
[BlackElo "1739"]
[PlyCount "55"]
[EventDate "2024.03.09"]
[WhiteTeam "English Deaf Chess Association"]
[BlackTeam "Ashfield 3"]

1. d4 Nf6 2. c4 e5 3. e3 exd4 4. exd4 Bb4+ 5. Bd2 Qe7+ 6. Qe2 Qxe2+ 7. Bxe2 Nc6
8. Nf3 O-O 9. O-O Bxd2 10. Nbxd2 d6 11. h3 Re8 12. Rfe1 Bf5 13. a3 a5 14. Rad1
h6 15. d5 Ne5 16. Nd4 Bd3 17. Bxd3 Nxd3 18. Rxe8+ Rxe8 19. b3 Kf8 20. N2f3 Ne5
21. Nxe5 Rxe5 22. Nf3 Re2 23. Rd2 Re7 24. Kf1 Nd7 25. Re2 Nc5 26. Rxe7 Kxe7 27.
b4 axb4 28. axb4 1/2-1/2

[Event "4NCL Division Four"]
[Site "Warwick, ENG"]
[Date "2024.03.09"]
[Round "7.76"]
[White "Thomson, James L"]
[Black "Masterson, Desmond"]
[Result "1-0"]
[WhiteElo "1681"]
[BlackElo "1100"]
[PlyCount "51"]
[EventDate "2024.03.09"]
[WhiteTeam "Ashfield 3"]
[BlackTeam "English Deaf Chess Association"]

1. d4 d5 2. c4 c6 3. cxd5 cxd5 4. Bf4 Nc6 5. Nc3 a6 6. e3 Nf6 7. Bd3 g6 8. Nge2
Bg7 9. h3 Nh5 10. Bh2 e5 11. dxe5 Nxe5 12. Bc2 O-O 13. Nd4 Qd7 14. g4 Nxg4 15.
Qxg4 Qxg4 16. hxg4 Bxg4 17. Kd2 Bxd4 18. exd4 Nf6 19. Bd1 Bf5 20. Bf3 Ne4+ 21.
Nxe4 dxe4 22. Bg2 Rad8 23. Ke3 Rfe8 24. Be5 Re6 25. Rac1 Kf8 26. Rxh7 1-0

[Event "4NCL Division Four"]
[Site "Warwick, ENG"]
[Date "2024.03.09"]
[Round "7.81"]
[White "Singha, Swati"]
[Black "Nelson, Omowale"]
[Result "0-1"]
[WhiteElo "1545"]
[BlackElo "1949"]
[PlyCount "71"]
[EventDate "2024.03.09"]
[WhiteTeam "She Plays To Win Uni"]
[BlackTeam "Watford A"]

1. e4 c6 2. d4 d5 3. e5 Bf5 4. Nf3 e6 5. Bg5 Qb6 6. b3 c5 7. Bd3 Bxd3 8. Qxd3
Nc6 9. c3 Nge7 10. Bxe7 Bxe7 11. O-O g5 12. dxc5 Bxc5 13. b4 Be7 14. b5 Na5 15.
Nbd2 Rc8 16. Rfe1 h6 17. Nd4 Ba3 18. Rab1 O-O 19. Qg3 Kh7 20. Qd3+ Kh8 21. Re3
Nc4 22. Rh3 Kg7 23. Nxc4 Rxc4 24. Qf3 f5 25. Qh5 Rh8 26. Nf3 Rg4 27. Ne1 Qc5
28. Nd3 Qc4 29. Rb3 Qe4 30. Rg3 Bc5 31. Rxg4 fxg4 32. h3 Qxd3 33. Qxg4 Qd2 34.
Qxe6 Rf8 35. Qg4 h5 36. Qxh5 0-1